Paesi più Grandi del Perù - Statistics

Statistiche generali
  • Questo quiz è stato fatto 41 volte
  • Il punteggio medio è 16 su 18
Statistiche sulle risposte
Superficie Paese % Corretto
8,514,877 Brasile
100%
9,984,670 Canada
100%
9,596,961 Cina
100%
17,098,242 Russia
100%
9,826,675 Stati Uniti
100%
2,780,400 Argentina
95%
7,741,220 Australia
95%
3,287,263 India
95%
1,564,116 Mongolia
95%
2,344,858 Rep. Dem. del Congo
95%
2,724,900 Kazakistan
89%
1,964,375 Messico
89%
2,381,741 Algeria
84%
1,648,195 Iran
79%
2,149,690 Arabia Saudita
74%
1,904,569 Indonesia
74%
1,759,540 Libia
63%
1,861,484 Sudan
63%
Nessun quiz corrispondente trovato
Distribuzione punteggi
Percentuale di utenti per punteggio
Percentile per numero di risposta
I tuoi punteggi nel tempo
Non hai fatto questo quiz